Tracez les contours de la Suisse sur une carte - Statistiques

Statistiques générales
  • Ce quiz a été pris 3 532 fois
  • Le résultat moyen est 10 sur 29
Réponses sur la Carte
Les réponses sont colorées sur une échelle allant du rouge au vert en fonction du pourcentage des utilisateurs qui les ont devinées à leur premier essai. Vous pouvez retrouver ces pourcentages ci-dessous.
 
Statistiques - réponses
Canton % Correct
Genève
100%
Vaud
64%
Jura
56%
Neuchâtel
56%
Bâle-Campagne
47%
Soleure
37%
Genève
34%
Tessin
32%
Valais
32%
Vaud
32%
Zurich
31%
Bâle-Campagne
30%
Grisons
30%
Bâle-Campagne
29%
Genève
29%
Soleure
29%
Vaud
29%
Argovie
28%
Bâle-Campagne
28%
Bâle-Ville
28%
Zurich
28%
Saint-Gall
26%
Schaffhouse
26%
Saint-Gall
25%
Schaffhouse
25%
Thurgovie
25%
Schaffhouse
23%
Thurgovie
23%
Thurgovie
21%
Aucun quiz correspondant
Distribution des résultats
% des personnes avec chaque résultat
Percentile par nombre de réponses
Votre historique - résultats
Vous n’avez pas pris ce quiz